Környezetvédelem, társadalmi összefogás Tudósítás a szegedi tanács vb üléséről

Elmentve itt :
Bibliográfiai részletek
Dokumentumtípus: Cikk
Megjelent: 1987-04-10
Sorozat:Délmagyarország 77 No. 85
Kulcsszavak:környezetvédelem, városi tanács
Online Access:http://dmarchiv.bibl.u-szeged.hu/101892
LEADER 00486nab a2200145 i 4500
001 delm101892
005 20190918145028.0
008 190918s1987 hu o 0|| hun d
040 |a SZTE Délmagyarország Archívum  |b hun 
041 |a hun 
245 0 0 |a Környezetvédelem, társadalmi összefogás   |h [elektronikus dokumentum] :  |b Tudósítás a szegedi tanács vb üléséről 
260 |c 1987-04-10 
300 |a 1 
490 0 |a Délmagyarország  |v 77 No. 85 
695 |a környezetvédelem, városi tanács